Organizational diagnosis and assessment bridging theory and practice /

Bibliographic Details
Main Author: Harrison, Michael I.
Corporate Author: ProQuest (Firm)
Other Authors: Shirom, Arie.
Format: Electronic eBook
Language:English
Published: Thousand Oaks, Calif. : Sage Publications, c1999.
Subjects:
Online Access:Click to View
LEADER 01477nam a2200397Ia 4500
001 EBC996300
003 MiAaPQ
005 20200520144314.0
006 m o d |
007 cr cn|||||||||
008 980320s1999 caua sb 001 0 eng d
010 |z  98009070  
020 |z 0803955103 (acid-free paper) 
020 |z 0803955111 (pbk. : acid-free paper) 
020 |z 9780803955110 
020 |z 9781452212845 
035 |a (MiAaPQ)EBC996300 
035 |a (Au-PeEL)EBL996300 
035 |a (CaPaEBR)ebr10582270 
035 |a (CaONFJC)MIL672576 
035 |a (OCoLC)809771654 
040 |a MiAaPQ  |c MiAaPQ  |d MiAaPQ 
050 4 |a HD58.8  |b .H3673 1999 
082 0 4 |a 658.4/063  |2 21 
100 1 |a Harrison, Michael I. 
245 1 0 |a Organizational diagnosis and assessment  |h [electronic resource] :  |b bridging theory and practice /  |c Michael I. Harrison, Arie Shirom. 
260 |a Thousand Oaks, Calif. :  |b Sage Publications,  |c c1999. 
300 |a x, 486 p. :  |b ill. 
504 |a Includes bibliographical references (p. 439-469) and index. 
533 |a Electronic reproduction. Ann Arbor, MI : ProQuest, 2015. Available via World Wide Web. Access may be limited to ProQuest affiliated libraries. 
650 0 |a Organizational change. 
650 0 |a Organization  |x Evaluation. 
655 4 |a Electronic books. 
700 1 |a Shirom, Arie. 
710 2 |a ProQuest (Firm) 
856 4 0 |u https://ebookcentral.proquest.com/lib/matrademy/detail.action?docID=996300  |z Click to View